| 000 | 00590nam a2200193Ia 4500 | ||
|---|---|---|---|
| 008 | 131103s9999 xx 000 0 und d | ||
| 040 | _aLoreto College | ||
| 041 | _aEnglish | ||
| 082 |
_a821.7/SHE _b#NAME? |
||
| 245 |
_aShelley _b Collection of critical essays _cedited by George M.Ridenour |
||
| 260 |
_aEnglewood Cliffs _bPrentice Hall _c1965 |
||
| 300 |
_a[4],182 p. _c 19 cm. |
||
| 504 | _aIncludes bibliographical references | ||
| 650 | _aEnglish Poetry | ||
| 651 | _aShelley,Percy Bysshe - Critical Study | ||
| 700 | _aRidenour,George M.,ed. | ||
| 850 | _aLCLIB | ||
| 942 | _cBK | ||
| 999 |
_c5789 _d56268 |
||